Football : Meilleurs buteurs Liga 2026 - Statistiques

Statistiques générales
  • Ce quiz a été pris 33 fois
  • Le résultat moyen est 6 sur 10
Statistiques - réponses
Club Buts Joueur % Correct
Real Madrid 25 Kylian Mbappé
100%
FC Barcelone 16 Lamine Yamal
93%
FC Barcelone 14 Robert Lewandowski
85%
Real Madrid 16 Vinicius
85%
FC Barcelone 16 Ferran Torres
70%
Real Sociedad 15 Mikel Oyarzabal
48%
Mallorca 23 Vedat Muriqui
44%
Osasuna 17 Ante Budimir
41%
Celta Vigo 14 Borja Iglesias
37%
Deportivo Alaves 14 Toni Martinez
7%
Aucun quiz correspondant
Distribution des résultats
% des personnes avec chaque résultat
Percentile par nombre de réponses
Votre historique - résultats
Vous n’avez pas pris ce quiz